000 00689nam a22002177a 4500
003 UA-OsUOA
001 53406
007 ta
008 20080402b un ||||| |||| 00| 0 ukr d
100 _aСюндюков І.
090 _a32
_bС-12
942 _cSA
040 _aUA-OsUOA
_bukr
_cUA-OsUOA
_dUA-OsUOA
245 _aЛюдський ресурс в українському вимірі. Всеукраїнський форум інтелігенції розглянув Концепцію гуманітарної політики в державі
300 _aС.1,432
955 _a0
041 _aukr
080 _a32
773 0 _w53405
650 7 _a32 Політика
_2UDC
999 _c339493
_d339493